000
00257nam a22000977a 4500
008
140712b xxu||||| |||| 00| 0 eng d
082
_b
NUR0113
245
_a
Virtual Clinical Exursions
_b
pacific view Regional Hospital
300
_a
CD-ROM
942
_2
lcc
_c
AVM
999
_c
276683
_d
276683